000 00914nam0a22002171i 4500
001 rc\3923869
005 20240724123006.0
035 _a(NLR Aleph) 007900012
090 _a8032112
_c8032112
100 _a20130415d1951 |||y0rusy50 ca
101 0 _arus
102 _aRU
105 _ay d |||||
200 1 _aАбхазы Очамчирского района
_e(Опыт этнографического исследования культуры и быта колхозников)
_eАвтореферат дис. на соискание учен. степ. канд. ист. наук
_fАкад. наук СССР. Ин-т этнографии им. Н.Н. Миклухо-Маклая
210 _aМосква
_d1951
215 _a14 с.
_d20
700 1 _aАкаба
_bЛ.Х.
_gЛили Хуршитовна
801 0 _aRU
_bNLR
_gpsbo
801 1 _aRU
_bELAR
_2rusmarc
852 _aNLR
_jГ02 Г-4/171
942 _cBOOK